000 00322nam a2200121Ia 4500
008 220217s9999||||xx |||||||||||||| ||und||
082 _a005.13 JOS
100 _aJoshi, Bipin
_92924
245 0 _aProfessional ado .net
260 _aSPD publications
_bCulcutha
_c2001
300 _b500
650 _aPROGRAMMING LANGUAGE
999 _c170273
_d170273